Statistics for Bordering Countries by Flag #4

Click here to take the quiz!

General Stats

  • This quiz has been taken 114 times
  • The average score is 5 of 5

Answer Stats

Country% Correct
Brazil
100%
Venezuela
100%
Ecuador
99%
Peru
99%
Panama
98%

Score Distribution

Percentile by Number Answered

Percent of People with Each Score

Your Score History

You have not taken this quiz